| 000 | 02080cam a22005534i 4500 | ||
|---|---|---|---|
| 003 | PE-LiUPU | ||
| 005 | 20250731173041.0 | ||
| 008 | 140217s2013 miu rb 001 0 eng d | ||
| 020 | _z0664239277 | ||
| 020 | _z9780664239275 | ||
| 035 | _a(Sirsi) 870647343 | ||
| 035 | _a(OCoLC)870647343 | ||
| 040 |
_aN$T _beng _erda _epn _cN$T _dYDXCP _dOCLCA _dOCLCQ _dPE-LiUPU |
||
| 049 | _aPRUA | ||
| 050 | 4 |
_aBS1430.52 _b.M55 2013eb |
|
| 082 | 0 | 4 |
_a223.2 _bM57 _222 |
| 100 | 1 |
_aMiller, Patrick D., _eautor. |
|
| 245 | 1 | 4 |
_aThe Lord of the Psalms / _cPatrick D. Miller. |
| 250 | _aFirst edition. | ||
| 264 | 1 |
_aLouisville, Kentucky : _bWestminster John Knox Press, _c2013. |
|
| 300 |
_axiv, 116 páginas ; _c23 centímetros |
||
| 336 |
_atext _2rdacontent |
||
| 337 |
_aunmediated _2rdamedia |
||
| 338 |
_avolume _2rdacarrier |
||
| 504 | _aIndice : páginas 109-116. | ||
| 505 | 0 | _aThe reality of God -- God among the gods -- The body of God: God-talk in the Psalms -- Maker of Heaven and Earth -- "To glorify your name" -- Tender mercies -- The first catechism question and the theology of the Psalter. | |
| 526 | _aSEG42 | ||
| 526 | _aSEG41 | ||
| 526 | _aSEG40 | ||
| 526 | _aSEG39 | ||
| 526 | _aP94 | ||
| 526 | _aP87 | ||
| 526 | _aP86 | ||
| 526 | _aP85 | ||
| 526 | _aP77 | ||
| 526 | _aP76 | ||
| 526 | _aP35 | ||
| 650 | 0 |
_aDios _xEnseñanza Bíblica. |
|
| 650 | 7 |
_aReligión _xEstudios Bíblicos _xAntiguo Testamento. _2bisacsh |
|
| 650 | 0 |
_aGod _xBiblical teaching. |
|
| 650 | 7 |
_aReligion _xBiblical Studies _xOld Testament. _2bisacsh |
|
| 910 |
_adbm _bncf _cncf _d20171221 |
||
| 942 |
_2ddc _cBOOK |
||
| 949 |
_a223.2 M57 _wDEWEY _c1 _i77675 _lCATALOGING _mBUL _p18.81 _r0 _sY _tBOOK _u2017-12-21 _xPOSGRADO _PP85 _0COMPRA _o.STAFF. Colección Teología. |
||
| 994 |
_aC0 _bPEPRU |
||
| 596 | _a1 | ||
| 999 |
_a223.2 M57 _wDEWEY _c26336 _i77675 _d26336 _f2021-11-9 _g4 _lCCODEBUL1 _mBUL _p18.81 _q5 _r0 _sY _tBOOK _u2017-12-21 _xTEOLOGIA _PP85 _0DONACION _o.STAFF. Colección Teología. |
||
| 980 |
_81 _gALBERTO SANCHEZ Responsable de Automatización |
||